| 000 | 00684aam a2200277 4500 | ||
|---|---|---|---|
| 005 | 20241017181843.0 | ||
| 008 | 150821b2004 sp ||||| |||| 00| 0 spa d | ||
| 020 | _a8478290702 | ||
| 041 | _aESP | ||
| 082 | _a611 M386a | ||
| 100 |
_aMartini, Frederic _919105 |
||
| 245 | _aAtlas de anatomía humana | ||
| 260 | _aEspaña | ||
| 260 | _bPearson Educación | ||
| 260 | _c2004 | ||
| 300 | _a128 páginas | ||
| 300 | _bLáminas e ilustraciones a color | ||
| 300 | _eDisco compacto N°25 | ||
| 650 | _aANATOMÍA HUMANA | ||
| 650 | _aRADIODIAGNÓSTICO | ||
| 650 | _aEMBRIOLOGÍA | ||
| 650 | _aCRÁNEO | ||
| 650 | _aCOLUMNA VERTEBRAL | ||
| 942 |
_cBK _2ddc |
||
| 999 |
_c609 _d609 |
||